Obsah podania a jeho posúdenie obcou

Pri posúdení obsahu podania obcou treba rozlišovať, či ide o výkon decentralizovanej miestnej štátnej správy alebo originálne kompetencie samosprávy. Uvedené súvisí predovšetkým s rozdielnou osobitnou právnou úpravou. V prípade decentralizovanej štátnej správy majú veľký význam spoločné obecné úrady...

Ausführliche Beschreibung

Gespeichert in:
Bibliographische Detailangaben
1. Verfasser: Hrtánek, Ladislav
Format: Buchkapitel
Sprache:Slowakisch
Schlagworte:
Tags: Tag hinzufügen
Keine Tags, Fügen Sie das erste Tag hinzu!

MARC

LEADER 00000naa a2200000 4500
001 0295462
005 20240417075242.1
041 0 |a slo 
044 |a SK 
245 1 0 |a Obsah podania a jeho posúdenie obcou  |c Ladislav Hrtánek 
520 |a Pri posúdení obsahu podania obcou treba rozlišovať, či ide o výkon decentralizovanej miestnej štátnej správy alebo originálne kompetencie samosprávy. Uvedené súvisí predovšetkým s rozdielnou osobitnou právnou úpravou. V prípade decentralizovanej štátnej správy majú veľký význam spoločné obecné úrady, ktorým bývajú podania adresované. 
610 2 0 |a decentralizácia 
610 2 0 |a správa štátna 
610 2 0 |a úpravy právne 
610 2 0 |a právo správne 
610 2 0 |a konanie správne 
100 1 |a Hrtánek, Ladislav